Malaysian legal history : cases and materials

Bibliographic Details
Main Author: Salleh Buang
Format: Book
Published: Kuala Lumpur : DBP , 1993
Subjects:

MARC

LEADER 00000cam a2200000 7i4500
001 0000002273
002 000002476
005 20080111.0
020 |a 9836235183 
090 0 0 |a 349.595   |b SAL 
100 0 |a Salleh Buang 
245 1 0 |a Malaysian legal history :   |b cases and materials   |c Salleh Buang 
260 |a Kuala Lumpur :   |b DBP ,   |c 1993 
300 |a 216p. ;   |c 23cm. 
650 0 0 |a Law   |x History   |z Malaysia 
999 |a 035718   |b BUKU   |c MALAYSIANA   |e PERPUSTAKAAN KOMUNITI PETALING JAYA 
999 |a 051238   |b BUKU   |c PINJAMAN   |e PERPUSTAKAAN KOMUNITI PETALING JAYA 
999 |a 051239   |b BUKU   |c PINJAMAN   |e PERPUSTAKAAN KOMUNITI PETALING JAYA